Приказы по военной автобазе СНК с № 136 по № 262

Доступно только в Электронных читальных залах Найти на картеНа карте
RUSMARC
00003886nac2a22002891x 450
001d1623464-4f7e-4e2d-b689-4923cfcdfe4d
00520160814055149.0
100##$a20160620l19211921k y0rusy50 ca
1010#$arus
102##$aRU
105##$ay z |||||
1222#$ad19210516
$ad19211103
2001#$aПриказы по военной автобазе СНК с № 136 по № 262
$j16 мая - 3 ноября 1921
215##$a262 листа
251##$cДело
300##$aЗаголовок дела на папке: Приказы по Автобазе с № 136-274
300##$aМашинописный текст
324##$aВ деле имеются копии отдельных документов
330##$aВходит в раздел описи: Канцелярия. а/ Переписка с Наркоматами и другими учреждениями. 17. Автобаза СНК
461#0$1001ad6baeac-e292-4829-90d1-2f4f65796a62
$12001
$aСОВЕТ НАРОДНЫХ КОМИССАРОВ РСФСР (СНК РСФСР)
$1251
$cФонд
$1852
$j130
$gР
462#0$1001749580a7-5abb-40c4-a39c-e540631a040a
$12001
$a1921 г.
$vД. 1051
$1251
$cОпись
$1852
$j5
5171#$aПриказы по Автобазе с № 136-274
60101$3RU\NLR\AUTH\661074810
$aРСФСР
$bСовет Народных Комиссаров
60102$aСНК РСФСР. Военная автобаза
801#0$aRU
$bGA_RF
801#1$aRU
$bНПО Опыт
$c20160620
$2rusmarc
801#2$aRU
$bПБ им. Б.Н. Ельцина
$c20160814
$gRCR
$2rusmarc
852##$aГА РФ
$j1051
937##$d82529428
$hПБ
035##$aRuPRLIB51039609
Формат отображения